000 00507nam a2200181Ia 4500
005 20250326130408.0
008 250326s9999 xx 000 0 und d
037 _aTextbook
040 _aFMSL
_beng
_cFMSL
041 _aeng
_2eng
084 _aX L1
_qFMSL
100 _aSurrey M J C
_9278646
245 0 _aAnalysis & forecasting of British ecoromny
_cSurrey M J C
260 _aOxford
_bOxford, Cambridge University
_c1971
300 _a105p
942 _cTB
_hX L1
999 _c1282306
_d1282306